[Event "ch-SUI Hauptturnier 1 2012"]
[Site "Flims SUI"]
[Date "2012.07.14"]
[Round "3"]
[White "Grandadam,N"]
[Black "Miezis,N"]
[Result "0-1"]
[WhiteElo "2317"]
[BlackElo "2578"]

1.Nf3 c5 2.c4 Nf6 3.Nc3 e6 4.d4 cxd4 5.Nxd4 a6 6.g3 Qc7 7.Bg5 Bb4 8.Bxf6 gxf6
9.Qb3 Be7 10.Bg2 Nc6 11.Nxc6 bxc6 12.O-O Rb8 13.Qc2 f5 14.e3 c5 15.b3 Bb7
16.Ne2 Bxg2 17.Qc3 Rg8 18.Kxg2 h5 19.Rad1 h4 20.Qd2 Bg5 21.f3 Ke7 22.Kf2 Bf6
23.Rg1 Be5 24.Nf4 hxg3+ 25.hxg3 a5 26.Rh1 a4 27.Qd3 axb3 28.axb3 Rh8 29.Kg2 Rxh1
30.Rxh1 Qa7 31.Ne2 Qa2 32.Rb1 Rb6 33.Qd1 Rd6 34.Qf1 Rd2  0-1

[Event "6th LCT GpA 2012"]
[Site "Leiden NED"]
[Date "2012.07.14"]
[Round "7.3"]
[White "Khenkin,I"]
[Black "Bok,B"]
[Result "1/2-1/2"]
[WhiteElo "2669"]
[BlackElo "2512"]

1.Nf3 Nf6 2.c4 c5 3.Nc3 d5 4.cxd5 Nxd5 5.e4 Nb4 6.Bc4 Nd3+ 7.Ke2 Nxc1+ 8.Rxc1 Nc6
9.Bb5 Bg4 10.Bxc6+ bxc6 11.Qa4 Qd6 12.Rhd1 e5 13.Nd5 Rb8 14.Ne3 Bxf3+ 15.gxf3 Qd7
16.Rc3 Rxb2 17.Rd3 Qc7 18.Rb3 Rxb3 19.axb3 Be7 20.Ra1 O-O 21.Qxa7 Qd8 22.Qb7 Bg5
23.Qxc6 Qb8 24.Qa4 Bxe3 25.dxe3 Qb6 26.Qc4 g6 27.Rd1 Rb8 28.Rd5 Qxb3 29.Qxb3 Rxb3
30.Rxe5 Rb2+ 31.Kf1 Rb1+ 32.Kg2 Rc1 33.Re8+ Kg7 34.f4 c4 35.e5 c3 36.Rc8 h6
37.Kf3 Rc2 38.Rc7 Kf8 39.e4 Rc1 40.f5 gxf5 41.exf5 Ke8 42.f6 c2 43.Ke2 Kd8
44.Rc4 Kd7 45.f4 Ke6 46.Kd2 Rf1 47.Kxc2 Rf3 48.Kd2 Kf5 49.h4 h5 50.Ke2 Ra3
51.Rd4 Rb3 52.Rc4 Ra3 53.Rb4 Rc3 54.Kd2 Ra3 55.Rd4 Rf3 56.Kc2 Re3 57.Rd3 Re2+
58.Rd2 Re4 59.Rf2 Re3 60.Rf1 Ra3 61.Rg1 Ra8 62.Rg5+ Kxf4 63.Rxh5 Re8 64.Rh7 Kxe5
65.Rxf7 Ke6  1/2-1/2

[Event "22nd HOF Open 2012"]
[Site "Jyvaskyla FIN"]
[Date "2012.07.15"]
[Round "9.6"]
[White "Kiik,K"]
[Black "Valli,F"]
[Result "1-0"]
[WhiteElo "2395"]
[BlackElo "2252"]

1.c4 Nf6 2.Nc3 c5 3.Nf3 e6 4.e4 d6 5.d4 cxd4 6.Nxd4 b6 7.Bd3 Bb7 8.O-O Be7
9.Kh1 O-O 10.f4 Nbd7 11.Qe2 Nc5 12.Bc2 d5 13.e5 Nfe4 14.Nxe4 dxe4 15.Be3 Qd7
16.Rad1 Rfd8 17.f5 Nd3 18.f6 Bc5 19.Bxd3 exd3 20.Qg4 g6 21.Rxd3 Qc7 22.Qf4 Bf8
23.b3 Rd7 24.Rfd1 Rad8 25.h4 h6 26.h5 g5 27.Qg3 a6 28.a4 Kh7 29.R3d2 Bb4
30.Bg1 Bxd2 31.Rxd2 Ba8 32.Qe3 Qb7 33.Qd3+ Qe4 34.Qxe4+ Bxe4 35.Be3 Bf5 36.Kh2 Bg4
37.b4 Rc8 38.Nb3 Rxd2 39.Nxd2 Rb8 40.Ne4 Bxh5 41.Nd6 Bd1 42.b5 a5 43.Bxb6 Rxb6
44.c5 Rb8 45.c6 Bxa4 46.c7 Ra8 47.b6 Bc6 48.c8=Q Rxc8 49.Nxc8 a4 50.Na7 Ba8
51.Nb5 Kg6 52.g4 h5 53.Kg3 h4+ 54.Kh3 Kh7 55.Kh2 Kg8 56.Kh3 Kf8 57.Kh2 Bf3
58.Nd4 Bd5 59.Nb5 Ba8 60.Kh3 Bf3 61.Nd4 Bh1 62.Kh2 Be4 63.Nb5 Ba8 64.Kh3 Bf3
65.Nd4 Bb7 66.Nb5 Be4 67.Nc3 Bf3 68.Nxa4 Ke8 69.Nc5 Kd8 70.b7 Kc7 71.Nxe6+ Kxb7
72.Nxg5  1-0

[Event "24th ch-Southern California 2012"]
[Site "Monterey Park USA"]
[Date "2012.07.15"]
[Round "4"]
[White "Kretchetov,A"]
[Black "Peters,Ja"]
[Result "1/2-1/2"]
[WhiteElo "2342"]
[BlackElo "2355"]

1.Nf3 c5 2.c4 Nf6 3.Nc3 e6 4.d4 cxd4 5.Nxd4 Bb4 6.Nb5 d5 7.cxd5 exd5 8.Bg5 O-O
9.e3 a6 10.a3 Ba5 11.Nd4 Bxc3+ 12.bxc3 Qa5 13.Bxf6 Qxc3+ 14.Ke2 gxf6 15.Qc1 Qa5
16.Qd2 Nc6 17.Qxa5 Nxa5 18.Kd2 Bd7 19.Bd3 Rfc8 20.Rhb1 b5 21.a4 Nc4+ 22.Bxc4 dxc4  1/2-1/2

[Event "7th Nana Aleksandria Cup"]
[Site "Poti GEO"]
[Date "2012.07.16"]
[Round "4.11"]
[White "Khelaia,G"]
[Black "Morchiashvili,B"]
[Result "1-0"]
[WhiteElo "2051"]
[BlackElo "2352"]

1.c4 Nf6 2.Nc3 c5 3.Nf3 b6 4.g3 Bb7 5.Bg2 g6 6.O-O Bg7 7.d4 cxd4 8.Qxd4 O-O
9.Qh4 d6 10.Bh6 Nbd7 11.Bxg7 Kxg7 12.Rad1 Rc8 13.b3 a6 14.e4 Rc5 15.Nd5 Nxd5
16.exd5 b5 17.Rfe1 Nf6 18.Qd4 bxc4 19.bxc4 Re8 20.Rb1 Qc7 21.Bf1 e5 22.Qb2 Bc8
23.Qb6 Bg4 24.Nd2 Nd7 25.Qxc7 Rxc7 26.Ne4 Rd8 27.Nxd6 Nc5 28.Rb6 Bf3 29.Be2 Bxe2
30.Rxe2 Na4 31.Rxa6 Nc5 32.Rb6 Na4 33.Rb7 Nc3 34.Rxc7 Nxe2+ 35.Kf1 Rxd6 36.Kxe2 Ra6
37.c5 Rxa2+ 38.Kf3 Kf6 39.d6  1-0

[Event "16th Battle of Senta Open A"]
[Site "Senta SRB"]
[Date "2012.07.16"]
[Round "4.14"]
[White "Marta,Dominik"]
[Black "Zarkovic,M"]
[Result "1/2-1/2"]
[WhiteElo "1966"]
[BlackElo "1996"]

1.Nf3 c5 2.c4 Nf6 3.Nc3 e6 4.g3 b6 5.Bg2 Bb7 6.O-O Be7 7.d4 cxd4 8.Nxd4 Bxg2
9.Kxg2 Qc7 10.b3 a6 11.Bb2 O-O 12.e4 d6 13.f4 Nc6 14.f5 e5 15.Nxc6 Qxc6 16.Nd5 Nxd5
17.cxd5 Qb5 18.a4 Qd7 19.Rc1 Rfc8 20.Rf3 Bg5 21.Rc2 Ra7 22.Rfc3 Rac7 23.Qd3 b5
24.axb5 axb5 25.Ba3 Rxc3 26.Rxc3 Rxc3 27.Qxc3 Bd8 28.Qb4 Bc7 29.Bc1 Bb6 30.Qa3 h6
31.Qa8+ Kh7 32.Qf8 f6 33.Ba3 Qc7 34.Qe8 Qc2+ 35.Kh3  1/2-1/2

[Event "6th Varna Open"]
[Site "Varna BUL"]
[Date "2012.07.16"]
[Round "5.4"]
[White "Stojanov,St"]
[Black "Horvath,Ta1"]
[Result "1/2-1/2"]
[WhiteElo "2300"]
[BlackElo "2398"]

1.Nf3 c5 2.c4 Nf6 3.Nc3 g6 4.g3 b6 5.Bg2 Bb7 6.O-O Bg7 7.d4 cxd4 8.Qxd4 d6
9.Rd1 Nbd7 10.Be3 Rc8 11.Rac1 a6 12.b3 O-O 13.Qh4 Rc7 14.Bh6 Qa8 15.Bxg7 Kxg7
16.Qd4 Kg8 17.Ne1 Rfc8 18.Qh4 Rf8 19.Nf3 Kg7 20.Qd4 Kg8 21.Ne1 Rfc8 22.Bxb7 Qxb7
23.Nd3 b5 24.cxb5 axb5 25.Qb4 Nc5 26.Qxb5 Nxd3 27.Qxb7 Nxc1 28.Qa6 Rxc3 29.Rd2 Ne4
30.Rb2 Kg7 31.Qa4 Nf6 32.b4 R3c4 33.Kg2 Nd5 34.Qa7 Nxb4 35.Qxe7 Ncxa2 36.Qxd6  1/2-1/2

[Event "112th ch-SUI 2012"]
[Site "Flims SUI"]
[Date "2012.07.17"]
[Round "6.5"]
[White "Pelletier,Y"]
[Black "Kurmann,O"]
[Result "1/2-1/2"]
[WhiteElo "2599"]
[BlackElo "2460"]

1.Nf3 Nf6 2.c4 c5 3.Nc3 e6 4.g3 b6 5.Bg2 Bb7 6.O-O Be7 7.d4 cxd4 8.Qxd4 d6
9.Bg5 a6 10.Bxf6 Bxf6 11.Qf4 O-O 12.Rad1 Be7 13.Ne4 Bxe4 14.Qxe4 Ra7 15.Nd4 Rc7
16.b3 Rc5 17.Rd2 Qc7 18.a4 Re8 19.e3 Bf8 20.Qb1 Nd7 21.Rc2 Rc8 22.Rfc1 Ne5
23.Bf1 Qd7 24.b4 R5c7 25.Qa2 a5 26.b5 d5 27.cxd5 Rxc2 28.Rxc2 Rxc2 29.Qxc2 Qxd5
30.Qc7 Qd6 31.Qb7 Nd7 32.Nc6 h5 33.Be2 g6 34.Bf3 Kg7 35.Kg2 Kg8 36.Qa7 Kg7
37.Qb7 Kg8 38.Qa7 Kg7  1/2-1/2

[Event "GER-POL w Match 2012"]
[Site "Gladenbach GER"]
[Date "2012.07.17"]
[Round "1.5"]
[White "Klek,H"]
[Black "Kulon,K"]
[Result "0-1"]
[WhiteElo "2238"]
[BlackElo "2236"]

1.Nf3 c5 2.c4 Nf6 3.Nc3 g6 4.g3 Bg7 5.Bg2 d5 6.cxd5 Nxd5 7.Qb3 Nb6 8.d3 Nc6
9.Qb5 Nd7 10.O-O O-O 11.Ne4 a6 12.Qc4 b6 13.h4 Bb7 14.h5 b5 15.Qc2 Rc8 16.hxg6 hxg6
17.Bg5 Nb4 18.Qd2 Bxe4 19.dxe4 Nb6 20.Qc1 Nc4 21.e5 Qc7 22.Bh6 Rfd8 23.Bxg7 Kxg7
24.Qg5 Rh8 25.b3 Rh5 26.Qg4 Nxe5 27.Nxe5 Rxe5 28.Rfd1 Re6 29.a4 Qe5 30.axb5 axb5
31.Bf3 Nc2 32.Ra7 Nd4 33.Rxe7 Rxe7 34.Qxc8 Re8 35.Qd7 Nxb3 36.Qxb5 Nd4 37.Qb7 Re7
38.Qa8 Re8 39.Qb7 Qf5 40.Qb2 Qf6 41.Kg2 Rh8 42.Rc1 Rh2+ 43.Kf1 Nxf3 44.Qxf6+ Kxf6
45.Rxc5 Ne5 46.Kg1 Rh8 47.f3 Ra8 48.Kf2 Ra2 49.Rb5 Nd7 50.Ke3 Ke6 51.g4 f6
52.f4 Ra4 53.Kf3 f5 54.gxf5+ gxf5 55.e3 Ra6 56.Rb1 Nf6 57.Rb5 Nd5 58.Rb3 Ra4
59.Kf2 Kd6 60.Kf3 Kc5 61.Rd3 Rc4 62.Rd1 Rc3 63.Re1 Nf6 64.Ke2 Ne4 65.Ra1 Rc2+
66.Kd1 Rd2+ 67.Ke1 Rh2 68.Ra5+ Kc4 69.Kf1 Rb2 70.Kg1 Ng3 71.Ra8 Kd3 72.Re8 Ke2  0-1

[Event "ch-MNE 2012"]
[Site "Cetinje MNE"]
[Date "2012.07.18"]
[Round "11.4"]
[White "Nikcevic,N"]
[Black "Milovic,J"]
[Result "1-0"]
[WhiteElo "2437"]
[BlackElo "2382"]

1.Nf3 Nf6 2.c4 e6 3.Nc3 c5 4.g3 b6 5.Bg2 Bb7 6.O-O Be7 7.Re1 O-O 8.e4 d6
9.d4 cxd4 10.Nxd4 Qc8 11.Be3 Nbd7 12.f4 a6 13.Rc1 Re8 14.Bf2 Kh8 15.b4 Ra7
16.a3 Ba8 17.e5 dxe5 18.fxe5 Ng8 19.Bxa8 Qxa8 20.Qf3 Nh6 21.Qxa8 Raxa8 22.Nc6 Rac8
23.Nxe7 Rxe7 24.Na4 b5 25.cxb5 Rxc1 26.Rxc1 axb5 27.Rc7 Ng8 28.Nc3 Nxe5 29.Nxb5 Rxc7
30.Nxc7 Ne7 31.a4 Nc8 32.a5 Nc6 33.Bc5  1-0

[Event "23rd Czech Open Rapid"]
[Site "Pardubice CZE"]
[Date "2012.07.19"]
[Round "5.7"]
[White "Schlosser,P"]
[Black "Akesson,R"]
[Result "1-0"]
[WhiteElo "2596"]
[BlackElo "2448"]

1.c4 Nf6 2.Nc3 e6 3.Nf3 c5 4.d4 cxd4 5.Nxd4 Nc6 6.a3 Be7 7.g3 O-O 8.Bg2 a6
9.O-O Qc7 10.b3 Rb8 11.a4 b6 12.Ba3 Bxa3 13.Rxa3 Bb7 14.e4 Rfd8 15.Nc2 d5
16.exd5 exd5 17.Nxd5 Nxd5 18.cxd5 Ne7 19.Ne3 Rd7 20.Ra2 Rbd8 21.Rd2 Qc5 22.Re1 h6
23.Rc2 Qb4 24.Rc4 Qd6 25.Rd4 b5 26.axb5 axb5 27.Qd3 Qc5 28.b4 Qb6 29.Rd1 Rd6
30.h4 Nc6 31.Re4 Nb8 32.Nf5 Rf6 33.Rd4 Nd7 34.Ne7+ Kh8 35.Nc6 Ra8 36.Qe3 Nf8
37.Rc1 Nd7 38.Na5  1-0

[Event "23rd Czech Open Rapid"]
[Site "Pardubice CZE"]
[Date "2012.07.19"]
[Round "7.2"]
[White "Schlosser,P"]
[Black "Simantsev,M"]
[Result "1-0"]
[WhiteElo "2596"]
[BlackElo "2531"]

1.c4 c5 2.Nf3 Nf6 3.Nc3 e6 4.d4 cxd4 5.Nxd4 a6 6.e4 Qc7 7.a3 Be7 8.Be2 O-O
9.Be3 d6 10.O-O b6 11.f3 Bb7 12.Qd2 Nbd7 13.Rfc1 Rfc8 14.b4 Rab8 15.Na4 Qd8
16.Nb3 Bc6 17.Nb2 Ne5 18.Rab1 Qe8 19.Bf4 Nfd7 20.Kh1 h6 21.Nd4 Bb7 22.Be3 Ba8
23.a4 Nf6 24.Nb3 Ned7 25.Bf4 Rd8 26.Nd3 Nh5 27.Be3 Nhf6 28.a5 bxa5 29.Nxa5 Nb6
30.Qe1 d5 31.cxd5 exd5 32.e5 Nfd7 33.f4 Nf8 34.Qf2 Na4 35.f5 d4 36.Bxd4 Be4
37.f6 Ne6 38.Rc4 Bf8 39.Rbc1 Nxd4 40.Rxd4 Rxd4 41.Qxd4 Ba8 42.fxg7 Bxg7 43.Rf1 Rd8
44.Qe3 Nc3 45.Bh5 Rd7 46.Nc5 Nd5 47.Qg3 Ra7 48.e6 Kh8 49.exf7 Qe7 50.Ne6  1-0

[Event "XXI TCh-MKD 2012"]
[Site "Struga MKD"]
[Date "2012.07.19"]
[Round "4.2"]
[White "Damljanovic,B"]
[Black "Stefanovski,D"]
[Result "1-0"]
[WhiteElo "2564"]
[BlackElo "2327"]

1.c4 Nf6 2.Nc3 c5 3.Nf3 e6 4.g3 Be7 5.Bg2 O-O 6.d4 cxd4 7.Nxd4 d5 8.cxd5 exd5
9.O-O Nc6 10.Be3 Re8 11.Rc1 Bg4 12.h3 Be6 13.Qa4 Na5 14.Nxe6 fxe6 15.Rcd1 a6
16.Qc2 Rc8 17.Qb1 b5 18.Ne4 Nd7 19.Nd2 Bf6 20.Nf3 Qe7 21.b3 Nc6 22.h4 h6
23.Bh3 Nde5 24.Nxe5 Bxe5 25.f4 Bf6 26.Bf2 Nb4 27.Rc1 d4 28.Rxc8 Rxc8 29.Qe4 Kf7
30.g4 g6 31.g5 Bh8 32.h5 Rg8 33.Bg4 gxh5 34.Bxh5+ Kf8 35.Qa8+ Kg7 36.Bxd4+ Kh7
37.Qe4+  1-0

[Event "XXI TCh-MKD 2012"]
[Site "Struga MKD"]
[Date "2012.07.20"]
[Round "5.1"]
[White "Arnaudov,G"]
[Black "Krstevski,V"]
[Result "1/2-1/2"]
[WhiteElo "2486"]
[BlackElo "2155"]

1.Nf3 Nf6 2.c4 g6 3.Nc3 c5 4.d4 cxd4 5.Nxd4 Bg7 6.e4 d6 7.Be2 Nc6 8.Be3 Bd7
9.O-O O-O 10.Qd2 Nxd4 11.Bxd4 Bc6 12.f3 a6 13.b4 Bd7 14.Rac1 Rc8 15.Rfd1 Be6
16.Nd5 Nxd5 17.exd5 Bf5 18.Bxg7 Kxg7 19.c5 f6 20.c6 bxc6 21.dxc6 Qb6+ 22.Kh1 Rxc6
23.Rxc6 Qxc6 24.Qe3 Qb7 25.Bc4 Re8 26.a3 Bc8 27.Qe2 Qb6 28.b5 a5 29.a4 e6
30.h4 Rd8 31.h5 d5 32.Bxd5 exd5 33.Qe7+ Kh6 34.Rc1 Qd6 35.Qxd6 Rxd6 36.Rxc8 d4
37.hxg6 hxg6 38.Rc2 d3 39.Rd2 Rd4 40.b6 Rxa4 41.Rxd3 Rb4 42.Rd6 f5 43.Rd5 a4
44.Kh2 a3  1/2-1/2

[Event "5th Paleochora Open"]
[Site "Paleochora GRE"]
[Date "2012.07.21"]
[Round "7.3"]
[White "Borovikov,V"]
[Black "Polzin,R"]
[Result "1-0"]
[WhiteElo "2569"]
[BlackElo "2469"]

1.Nf3 Nf6 2.c4 c5 3.Nc3 g6 4.g3 Nc6 5.Bg2 d6 6.d4 cxd4 7.Nxd4 Bd7 8.O-O Bg7
9.Nxc6 Bxc6 10.e4 O-O 11.Qe2 Nd7 12.Bd2 a5 13.Rac1 Nc5 14.Rfd1 Qb6 15.Be3 a4
16.Rc2 Qa5 17.Bd4 Bxd4 18.Rxd4 Rad8 19.Qe3 e5 20.Rd1 Ne6 21.Rcd2 Qb4 22.Bf1 Kg7
23.a3 Qb3 24.h4 h5 25.f3 Rfe8 26.Kf2 Nc5 27.Nb5 Bxb5 28.cxb5 Re6 29.Qxb3 axb3
30.Bh3 Rf6 31.Ke3 b6 32.Rd5 Na4 33.R1d2 Ra8 34.Bd7 Ra7 35.Bc6 Re6 36.R5d3 Nc5
37.Rc3 f5 38.Bd5 Rf6 39.Bxb3 fxe4 40.fxe4 Ra8 41.Bd1 Rd8 42.b4 Ne6 43.a4 Nd4
44.Rc7+ Kh6 45.Rf2 Rxf2 46.Kxf2 d5 47.exd5 Rxd5 48.Rb7 Rd6 49.a5 bxa5 50.bxa5 Nxb5
51.Rxb5 Rxd1 52.Rxe5 Ra1 53.Rg5 Ra3 54.Ke2 Kg7 55.Kd2 Kf6 56.Kc2  1-0

[Event "23rd Czech Open A"]
[Site "Pardubice CZE"]
[Date "2012.07.21"]
[Round "2.93"]
[White "Ageichenko,G"]
[Black "Kratochvil,Jo"]
[Result "1/2-1/2"]
[WhiteElo "2329"]
[BlackElo "2215"]

1.Nf3 c5 2.c4 Nf6 3.Nc3 b6 4.g3 Bb7 5.Bg2 e6 6.O-O Be7 7.Re1 d6 8.e4 Nbd7
9.d4 cxd4 10.Nxd4 Qb8 11.b3 O-O 12.Bb2 Rc8 13.Qe2 Bf8 14.Rad1 a6 15.h3 g6
16.Rc1  1/2-1/2

[Event "23rd Czech Open A"]
[Site "Pardubice CZE"]
[Date "2012.07.21"]
[Round "2.7"]
[White "Lintchevski,D"]
[Black "Potapov,Alexa1"]
[Result "0-1"]
[WhiteElo "2563"]
[BlackElo "2395"]

1.Nf3 Nf6 2.c4 c5 3.Nc3 e6 4.e4 d6 5.d4 cxd4 6.Nxd4 Be7 7.Be2 O-O 8.O-O a6
9.Be3 Qc7 10.Rc1 Nbd7 11.f3 Re8 12.Qe1 Bf8 13.Qf2 b6 14.b4 Bb7 15.Nb3 Rab8
16.Rfd1 Ba8 17.Bf1 Ne5 18.Na4 Nfd7 19.c5 bxc5 20.bxc5 d5 21.Nb6 dxe4 22.Qg3 Qa7
23.Nxa8 Rxa8 24.Rxd7 Nxd7 25.fxe4 Qb8 26.c6 Qxg3 27.hxg3 Nf6 28.Rc4 Bd6 29.Bf4 e5
30.Bg5 Bc7 31.Bxf6 gxf6 32.Be2 Re6 33.Bg4 Rd6 34.Kf1 a5 35.Ke2 Kf8 36.Bf5 h5
37.Nc5 Ke7 38.Nb7 Rd4 39.Rc3 Ra6 40.Kf3 a4 41.g4 h4 42.Rc2 Rd3+ 43.Ke2 Rg3
44.Kf2 a3  0-1

[Event "12th Valle del Chiese Open"]
[Site "Condino ITA"]
[Date "2012.07.22"]
[Round "2"]
[White "Innocenti,L"]
[Black "Sanzani,P"]
[Result "1-0"]
[WhiteElo "2004"]
[BlackElo "1859"]

1.Nf3 Nf6 2.c4 g6 3.Nc3 c5 4.d4 cxd4 5.Nxd4 Bg7 6.e3 O-O 7.Be2 Nc6 8.O-O d6
9.b3 Bd7 10.Bb2 Ne8 11.Qd2 a6 12.Ne4 Qc7 13.Rac1 f5 14.Ng5 Nxd4 15.Bxd4 e5
16.Bc3 Qc6 17.Rfd1 Bf6 18.Nf3 Be7 19.Nxe5  1-0

[Event "5th Paleochora Open"]
[Site "Paleochora GRE"]
[Date "2012.07.22"]
[Round "8.27"]
[White "Koutoukidis,P"]
[Black "Ioannidis,Ev"]
[Result "1/2-1/2"]
[WhiteElo "2175"]
[BlackElo "1912"]

1.Nf3 c5 2.c4 Nf6 3.Nc3 e6 4.g3 b6 5.Bg2 Bb7 6.O-O Be7 7.d4 cxd4 8.Qxd4 O-O
9.b3 Nc6 10.Qf4 d5 11.cxd5 exd5 12.Rd1 Rc8 13.Bb2 Bd6 14.Qh4 Ne7 15.Nb5 Ng6
16.Bxf6 gxf6 17.Qh6 Re8 18.Nxd6 Qxd6 19.Nd4 Qf8 20.Qxf8+ Kxf8 21.e3 a6 22.Rd2 Ne7
23.Rad1 Rc5 24.h4 Rec8 25.Bf3 f5 26.Kg2 Kg7 27.Ne2 Rd8 28.Nf4 a5 29.Kg1 Kf6
30.Ne2 Rdc8 31.Nd4 Ba6 32.Rb2 Rc1 33.Rxc1 Rxc1+ 34.Kg2 Bd3 35.Rd2 Be4 36.Ne2 Rc8
37.Nf4 Ke5 38.Bxe4 fxe4 39.g4 h6 40.Kh3 Rc1 41.h5 Rh1+ 42.Kg2 Rc1 43.Ne2 Rc5
44.Nd4 Rc1 45.Ne2  1/2-1/2

[Event "XIV ch-Gdansk Int 2012"]
[Site "Gdansk POL"]
[Date "2012.07.23"]
[Round "3.41"]
[White "Gostomski,Mariusz"]
[Black "Kindler,Przemyslaw"]
[Result "0-1"]
[WhiteElo "1588"]
[BlackElo "1787"]

1.Nf3 c5 2.c4 Nf6 3.Nc3 e6 4.g3 d5 5.cxd5 exd5 6.d4 Nc6 7.Bg2 Be6 8.O-O Be7
9.h3 O-O 10.Be3 c4 11.Bg5 h6 12.Bxf6 Bxf6 13.e3 Qd7 14.Kh2 a6 15.b3 b5 16.Rc1 Rfd8
17.a3 Qe7 18.bxc4 dxc4 19.Qe1 Qxa3 20.Ne5 Bxe5 21.dxe5 Rac8 22.Ra1 Qb3 23.Rxa6 Nxe5
24.Qa1 b4 25.Ne2 c3 26.Nd4 Qc4 27.Rc1 b3 28.Bf1 b2 29.Bxc4 bxa1=Q 30.Rcxa1 Bxc4
31.R6a5 Nc6 32.Nxc6 Rxc6 33.Rc1 Bb3 34.Ra3 Rd1 35.Ra8+ Kh7 36.Raa1 c2 37.g4 Ra6  0-1

[Event "23rd Czech Open A"]
[Site "Pardubice CZE"]
[Date "2012.07.23"]
[Round "4.68"]
[White "Savitskiy,S"]
[Black "Saiyn,Z"]
[Result "1-0"]
[WhiteElo "2367"]
[BlackElo "2188"]

1.c4 c5 2.Nf3 Nf6 3.Nc3 g6 4.d4 cxd4 5.Nxd4 Bg7 6.e4 d6 7.Be3 Ng4 8.Nc2 Nxe3
9.Nxe3 Nc6 10.Qd2 Bd7 11.g3 a5 12.Bg2 a4 13.O-O O-O 14.Rad1 Nd4 15.f4 e5
16.f5 Bh6 17.Qf2 Bxe3 18.Qxe3 gxf5 19.Nd5 Bc6 20.exf5 f6 21.Qh6 Bxd5 22.Bxd5+ Kh8
23.Kg2 Qc7 24.Rde1 Rac8 25.Re4 Qg7 26.Qh5 Qg5 27.Qxg5 fxg5 28.g4 Kg7 29.h4 gxh4
30.Rh1 b5 31.b3 axb3 32.axb3 bxc4 33.bxc4 Rb8 34.Re3 Rb2+ 35.Kh3 h5 36.Rg1 Ne2
37.Rxe2 Rxe2 38.gxh5+ Kh7 39.Be6 Re4 40.Rg4 Rxg4 41.Kxg4 Kg7 42.Kg5 h3 43.h6+ Kh7
44.f6 h2 45.Bf5+ Kh8 46.Be4 Rg8+ 47.Kf5 h1=Q 48.Bxh1 Kh7 49.Bd5 Rg6 50.f7 Rg1
51.Bf3 Rf1 52.Kg4  1-0

[Event "XIV ch-Gdansk Int 2012"]
[Site "Gdansk POL"]
[Date "2012.07.25"]
[Round "5.10"]
[White "Walkusz,Mi"]
[Black "Rybak,T"]
[Result "0-1"]
[WhiteElo "1938"]
[BlackElo "2221"]

1.Nf3 Nf6 2.c4 e6 3.Nc3 c5 4.d4 cxd4 5.Nxd4 Bb4 6.Nb5 a6 7.Nd6+ Ke7 8.Nxc8+ Qxc8
9.Qb3 Nc6 10.a3 Ba5 11.Bg5 h6 12.Bd2 Rd8 13.e3 d5 14.Nxd5+ Nxd5 15.cxd5 Bxd2+
16.Kxd2 Rxd5+ 17.Ke1 Qc7 18.Be2 Rad8 19.Qc3 Kf8 20.h4 Qb6 21.Rd1 Rxd1+ 22.Bxd1 Qb5
23.Be2 Qf5 24.Qc1 Ne5 25.f3 Nd3+ 26.Bxd3 Qxd3 27.Kf2 Qd2+ 28.Kg3 Qd6+ 29.Kh3 Qd2
30.Kg3 g6 31.Qc5+ Kg8 32.h5 Rd5 33.Qc8+ Kg7 34.Qc3+ Qxc3 35.bxc3 Rd3 36.hxg6 Kxg6
37.Rc1 Rxe3 38.Kf2 Re5 39.Rb1 b5 40.Rb4 Rc5 41.a4 bxa4 42.Rxa4 a5 43.c4 Kf5
44.Ke3 e5 45.g4+ Ke6 46.Ke4 Rc8 47.f4 exf4 48.Kxf4 Rc5 49.Ke4 Kd6 50.Kf4 Kc6
51.Ke4 Kb6 52.Kf3 Kc6 53.Ke4 f6 54.Kf4 h5 55.gxh5 Rxh5 56.Ke4 Rc5 57.Kf4 Kd6
58.Ke4 Rh5 59.Kd4 Re5 60.Ra1 f5 61.Rc1 Re4+ 62.Kd3 Kc5 63.Ra1 Rd4+ 64.Ke3 f4+
65.Kf3 Kb4 66.c5 Rc4 67.c6 a4 68.Rb1+ Ka5 69.Ra1 Kb6  0-1

[Event "45th Biel Masters Open"]
[Site "Biel SUI"]
[Date "2012.07.26"]
[Round "4"]
[White "Khairullin,I"]
[Black "Pruess,D"]
[Result "1-0"]
[WhiteElo "2631"]
[BlackElo "2375"]

1.c4 Nf6 2.Nc3 c5 3.Nf3 g6 4.d4 cxd4 5.Nxd4 Nc6 6.e4 d6 7.Be2 Nxd4 8.Qxd4 Bg7
9.Be3 O-O 10.Qd2 a5 11.Rd1 a4 12.c5 a3 13.b4 Be6 14.Qc2 Qc7 15.O-O dxc5 16.bxc5 Rfd8
17.h3 Qa5 18.Rxd8+ Rxd8 19.Rb1 Rd7 20.Rb5 Qd8 21.Qb1 Qc8 22.Qb4 Ne8 23.Nd5 Nc7
24.c6 Rxd5 25.cxb7  1-0

[Event "23rd Czech Open A"]
[Site "Pardubice CZE"]
[Date "2012.07.26"]
[Round "7.32"]
[White "Pap,G"]
[Black "Karavade,E"]
[Result "1-0"]
[WhiteElo "2566"]
[BlackElo "2343"]

1.c4 Nf6 2.Nc3 c5 3.Nf3 b6 4.e3 Bb7 5.d4 cxd4 6.exd4 e6 7.a3 Na6 8.d5 exd5
9.cxd5 Bd6 10.Bg5 O-O 11.Be2 Re8 12.O-O h6 13.Bh4 Nc5 14.Nd4 Nce4 15.Nxe4 Rxe4
16.Nf5 Bf8 17.Bd3 Rxh4 18.Nxh4 Nxd5 19.Qg4 Qg5 20.Qxd7 Rb8 21.Nf3 Qf4 22.Rfe1 Nf6
23.Qf5 Bd6 24.Qxf4 Bxf4 25.Ne5 Re8 26.Ng4 Rc8 27.Nxf6+ gxf6 28.Be4 Ba6 29.Rad1 Bb5
30.g3 Be5 31.Rd2 Rc4 32.Rd8+ Kg7 33.Bd3  1-0

[Event "45th Biel Masters Open"]
[Site "Biel SUI"]
[Date "2012.07.27"]
[Round "5"]
[White "Hungaski,R"]
[Black "Petrov,N"]
[Result "1-0"]
[WhiteElo "2488"]
[BlackElo "2282"]

1.Nf3 Nf6 2.c4 c5 3.Nc3 e6 4.g3 b6 5.Bg2 Bb7 6.O-O Be7 7.d4 cxd4 8.Qxd4 d6
9.Bg5 a6 10.Bxf6 Bxf6 11.Qf4 Bxf3 12.Qxf3 Ra7 13.Rfd1 O-O 14.Rac1 Rd7 15.b3 Qc7
16.Na4 Rc8 17.Qe3 Bd8 18.b4 Qa7 19.Nb2 Bf6 20.Na4 Bd8 21.Nb2 Bf6 22.Nd3 Rdc7
23.Qf4 Be7 24.a4 Nd7 25.b5 a5 26.Bc6 Nb8 27.Bf3 Nd7 28.h4 Nc5 29.Nxc5 Rxc5
30.Bc6 Qc7 31.Qd4 Rd8 32.e4 Bf6 33.Qd3 Qe7 34.Rc2 Qc7 35.Qb3 Be7 36.Re2 h6
37.Kg2 Qb8 38.Re3 Qc7 39.Red3 Qa7 40.R1d2 Qc7 41.Rd1 Qa7 42.R3d2 Qc7 43.Qd3 Qa7
44.Qe2 Qc7 45.Kh2 Qa7 46.f4 Qb8 47.Kg2 Bf6 48.Qd3 Qc7 49.Kf2 Be7 50.Rh1 h5
51.Rhd1 Bf6 52.Qb3 Qb8 53.Re2 Qc7 54.Rd3 Qb8 55.Ke1 Qc7 56.Kd1 g6 57.Red2 Kg7
58.Rc2 Kg8 59.Kc1 Bg7 60.Kb1 Qe7 61.Rd1 Qf6 62.Ka2 Rc8 63.Qd3 Rf8 64.Kb3 e5
65.Qxd6 exf4 66.Qxf4 Qe7 67.Qd6 Qe6 68.Qxe6 fxe6 69.Rd6 Rf1 70.Bd7 Rb1+ 71.Ka3 Ra1+
72.Ra2 Rg1 73.Bxe6+ Kf8 74.Rf2+ Ke7 75.Rxb6 Ra1+ 76.Ra2 Rc1 77.Rd2 Bc3 78.Rd7+ Kf6
79.Bf5+ Ke5 80.Re6+  1-0

[Event "21st Kavala Open A"]
[Site "Kavala GRE"]
[Date "2012.07.27"]
[Round "4"]
[White "Ilic,Zo1"]
[Black "Lasinskas,P"]
[Result "0-1"]
[WhiteElo "2344"]
[BlackElo "2153"]

1.Nf3 Nf6 2.c4 c5 3.Nc3 b6 4.g3 Bb7 5.Bg2 e6 6.O-O d6 7.d4 cxd4 8.Qxd4 a6
9.Rd1 Qc7 10.Bg5 Nc6 11.Qd2 Nd7 12.Ne4 Na5 13.Nxd6+ Bxd6 14.Qxd6 Qxd6 15.Rxd6 Nxc4
16.Rd4 b5 17.b3 Ncb6 18.Rad1 f6 19.Bc1 a5 20.Rd6 Ke7 21.Bh3 Bd5 22.R6xd5 Nxd5
23.Nd4 Nc3 24.Rd2 Ra6 25.Bb2 b4 26.a3 Rc8 27.axb4 axb4 28.Nc2 Rb6 29.Nxb4 Rxb4
30.Ba3 Rb8 31.Rc2 Nb1 32.Bxb4+ Rxb4 33.Rc6 f5 34.Bg2 Nd2 35.Rc7 Nxb3 36.Bc6 Nc5  0-1

[Event "23rd Czech Open A"]
[Site "Pardubice CZE"]
[Date "2012.07.27"]
[Round "8.12"]
[White "Boros,De"]
[Black "Gopal,G"]
[Result "1/2-1/2"]
[WhiteElo "2485"]
[BlackElo "2550"]

1.c4 c5 2.Nf3 Nf6 3.Nc3 d5 4.cxd5 Nxd5 5.d4 Nxc3 6.bxc3 g6 7.g3 Bg7 8.Bg2 Nc6
9.Be3 O-O 10.O-O cxd4 11.Nxd4 Qc7 12.Nxc6 bxc6 13.Qa4 Be6 14.Bf4 Be5 15.Bxe5 Qxe5
16.Bxc6 Rac8 17.Bf3 Rc7 18.Qd4 Qc5 19.Rfc1  1/2-1/2

[Event "23rd Czech Open A"]
[Site "Pardubice CZE"]
[Date "2012.07.28"]
[Round "9.70"]
[White "Tate,A"]
[Black "Kratochvil,Jo"]
[Result "0-1"]
[WhiteElo "2346"]
[BlackElo "2215"]

1.Nf3 Nf6 2.c4 c5 3.Nc3 b6 4.e4 d6 5.d4 cxd4 6.Nxd4 Bb7 7.Qe2 Nbd7 8.g4 h6
9.Bg2 Rc8 10.b3 a6 11.Bb2 e6 12.Rd1 Be7 13.f4 Qc7 14.f5 e5 15.Nc2 b5 16.cxb5 axb5
17.Ne3 O-O 18.Qxb5 Nc5 19.Ncd5 Nxd5 20.Nxd5 Bh4+ 21.Ke2 Qd8 22.Kf3 g6 23.Bc1 h5
24.h3 Kh7 25.Rhg1 gxf5 26.gxf5 Rg8 27.Bh1 Bxd5 28.exd5 Qf6 29.Ke2 e4 30.Rgf1 Nd3
31.Bxe4 Nxc1+  0-1

[Event "Politiken Cup 2012"]
[Site "Helsingor DEN"]
[Date "2012.07.30"]
[Round "4.105"]
[White "Johansen,Ka"]
[Black "Marttala,T"]
[Result "0-1"]
[WhiteElo "2016"]
[BlackElo "2193"]

1.c4 Nf6 2.Nc3 c5 3.Nf3 g6 4.d4 Bg7 5.e3 O-O 6.Be2 d5 7.O-O cxd4 8.Nxd4 Nc6
9.Nc2 dxc4 10.Bxc4 Bf5 11.Qe2 Ne5 12.Rd1 Qb6 13.Bb3 Rac8 14.Nd4 Bd7 15.e4 Qc5
16.h3 Nc4 17.Bxc4 Qxc4 18.Qxc4 Rxc4 19.e5 Ne8 20.f4 Nc7 21.Nce2 Nd5 22.b3 Rc7
23.Nf3 Bc6 24.Kf2 b6 25.Ned4 Nc3 26.Rd3 Be4 27.Rd2 Ba8 28.Rd3 Rfc8 29.Bb2 Ne4+
30.Ke3 a6 31.g4 e6 32.f5 gxf5 33.gxf5 Bh6+ 34.Ke2 Ng3+ 35.Kf2 Be4 36.Kxg3 Bxd3
37.fxe6 fxe6 38.Rd1 Bc2 39.Re1 Rg7+ 40.Kh4 Bf4 41.Ne2 Be3 42.Bd4 Bh6 43.Kh5 Rf8
44.Nh4 Bd2 45.Ra1 Rg5+  0-1

[Event "99th ch-GBR 2012"]
[Site "North Shields ENG"]
[Date "2012.07.30"]
[Round "7.2"]
[White "Arkell,K"]
[Black "Gordon,S"]
[Result "0-1"]
[WhiteElo "2441"]
[BlackElo "2539"]

1.Nf3 Nf6 2.c4 e6 3.Nc3 c5 4.g3 b6 5.Bg2 Bb7 6.O-O Be7 7.Re1 a6 8.e4 d6 9.d3 O-O
10.a3 Nc6 11.Rb1 Nd7 12.b4 Bf6 13.Bd2 Rb8 14.b5 Nce5 15.bxa6 Bc6 16.Qc2 Nxf3+
17.Bxf3 Ra8 18.Nb5 Rxa6 19.a4 Bd4 20.Bg2 Bxb5 21.Rxb5 Qf6 22.Be3 h6 23.Rbb1 g5
24.h3 Kg7 25.Rf1 Qe5 26.Kh2 Kh7 27.f4 Qg7 28.Rbe1 gxf4 29.gxf4 Rg8 30.Bxd4 Qg3+
31.Kh1 cxd4 32.Re2 Ra5 33.e5 dxe5 34.f5 Nc5 35.fxe6 fxe6 36.Qb1 Nxa4 37.Qb4 Nc3
38.Qe7+ Rg7 39.Qxe6 Qg6 40.Qxg6+ Rxg6 41.Rf7+ Rg7 42.Ref2 Rxf7 43.Rxf7+ Kg6
44.Rb7 Kg5 45.Rxb6 Kf4 46.Rxh6 Ke3 47.Bf1 Ra1 48.Kg2 Ra2+ 49.Kg1 Ne2+ 50.Bxe2 Rxe2
51.c5 Kxd3 52.c6 Rc2 53.Re6 e4 54.h4 e3  0-1